000 00643nam a2200265Ia 4500
005 20260306164355.0
008 008 260114s9999 xx 000 0 eng d
020 _a9780804778640
037 _aEBOOK
040 _aCRL
040 _beng
040 _cCRL
041 _2eng
041 _aeng
084 _qCRL
100 _aShrivastava, Statler
_91130576
245 0 _aLearning From The Global Financial Crisis
260 _bStanford University Press
260 _c2013
650 _aEconomics & Finance
856 _uhttps://academic.oup.com/book/29693
942 _cEBOOK
999 _c1713834
_d1713834